| 000 | 01127nam0a22003011 4500 | ||
|---|---|---|---|
| 001 | rc\2268144 | ||
| 005 | 20250623043236.0 | ||
| 035 | _a(NLR Aleph) 006564189 | ||
| 090 |
_a6875951 _c6875951 |
||
| 100 | _a20110829d1977 |||y0rusy50 ca | ||
| 101 | 1 |
_arus _cukr |
|
| 102 | _aRU | ||
| 105 | _ac z ||||| | ||
| 200 | 1 |
_aСмерть в Киеве _aПервомост _eРоманы _fПавло Загребельный _gАвториз. пер. с укр. И. Карабутенко |
|
| 210 |
_aМосква _cСов. писатель _d1977 |
||
| 215 |
_a775 с. _cпортр. _d21 |
||
| 300 | _aВ вып. дан. авт.: Павел Архипович Загребельный | ||
| 686 |
_aШ5(2=Ук)7-644.2 _2rubbk |
||
| 700 | 1 |
_6z01790 _aЗагребельный _bП.А. _f1924- _gПавел Архипович |
|
| 702 | 1 |
_aКарабутенко _bИ. _4730 |
|
| 790 | 1 |
_6z01700 _aЗагребельный _bП. _f1924- _gПавло |
|
| 801 | 0 |
_aRU _bNLR _gpsbo |
|
| 801 | 1 |
_aRU _bELAR _2rusmarc |
|
| 852 |
_aNLR _j77-3/3833 |
||
| 899 |
_aRuMoRGB _jБ 77-44/472 |
||
| 899 |
_aRuMoRGB _jБ 77-44/473 |
||
| 942 | _cBOOK | ||
| 980 | _aNB | ||